|
|
|
|
| LEADER |
01313nam a2200349 a 4500 |
| 001 |
000267650 |
| 003 |
CZ BrMZK |
| 005 |
20230711110120.0 |
| 008 |
980115s1997 xr f f 0 cze d |
| 015 |
|
|
|a cnb000297911
|
| 020 |
|
|
|a 80-86153-12-6
|
| 035 |
|
|
|a (OCoLC)39316384
|
| 040 |
|
|
|a BOA001
|b cze
|
| 072 |
|
7 |
|a 633
|x Rostlinná výroba
|2 Konspekt
|9 24
|
| 080 |
|
|
|a 633.2/.3
|2 MRF
|
| 080 |
|
|
|a 582.282/.284
|2 MRF
|
| 080 |
|
|
|a (035)
|2 MRF
|
| 100 |
1 |
|
|a Míka, Václav,
|d 1941-
|7 jk01081510
|4 aut
|
| 245 |
1 |
0 |
|a Symbiotické endofytní houby v travách a možnosti manipulace obsahem toxických alkaloidů v píci /
|c Václav Míka, Bohumír Cagaš.
|
| 260 |
|
|
|a Praha :
|b Ústav zemědělských a potravinářských informací,
|c 1997
|
| 300 |
|
|
|a 23 s. ;
|c 20 cm
|
| 490 |
1 |
|
|a Metodiky pro zemědělskou praxi ;
|v 19/1997
|
| 500 |
|
|
|a Bibliogr. - Souhrn angl.
|
| 650 |
0 |
7 |
|a pícniny
|7 ph115973
|2 czenas
|
| 650 |
0 |
7 |
|a symbiotické houby
|7 ph126345
|2 czenas
|
| 650 |
0 |
7 |
|a pícninářství
|7 ph115974
|2 czenas
|
| 655 |
|
7 |
|a příručky
|7 fd133209
|2 czenas
|
| 700 |
1 |
|
|a Cagaš, Bohumír,
|d 1946-
|7 ola200207943
|4 aut
|
| 830 |
|
0 |
|a Metodiky pro zemědělskou praxi
|
| 910 |
|
|
|a BOA001
|b X-1040.295
|
| 990 |
|
|
|a BK
|
| 996 |
7 |
|
|b 2610063071
|c X-1040.295
|l MZK
|r Sklad / do 24 hodin
|n 9
|p p.v.
|w 000267650
|u 000010
|a 1
|e BOA001
|j MZK50
|s A
|